The Clever Rooster and the Artful Fox / (رقم التسجيلة. 135782)

تفاصيل مارك
000 -LEADER
fixed length control field 00633nam a22002057a 4500
005 - DATE AND TIME OF LATEST TRANSACTION
control field 20251108175516.0
008 - FIXED-LENGTH DATA ELEMENTS--GENERAL INFORMATION
fixed length control field 250721s2014 xx 000 0 eng d
082 14 - DEWEY DECIMAL CLASSIFICATION NUMBER
Classification number J/F/SAI
100 1# - MAIN ENTRY--PERSONAL NAME
Personal name said, tarek
245 14 - TITLE STATEMENT
Title The Clever Rooster and the Artful Fox /
246 11 - VARYING FORM OF TITLE
Title proper/short title الديك الذكي و الثعلب المكار
264 1# - PRODUCTION, PUBLICATION, DISTRIBUTION, MANUFACTURE, AND COPYRIGHT NOTICE
Place of production, publication, distribution, manufacture القاهرة :
Name of producer, publisher, distributor, manufacturer دار الكتب المصرية,
Date of production, publication, distribution, manufacture, or copyright notice 2014.
300 ## - PHYSICAL DESCRIPTION
Extent 12 P.
490 0# - SERIES STATEMENT
Series statement سلسلة أحلى الحكايات
650 17 - SUBJECT ADDED ENTRY--TOPICAL TERM
Topical term or geographic name as entry element FICTION
650 17 - SUBJECT ADDED ENTRY--TOPICAL TERM
Topical term or geographic name as entry element CHILDREN
653 ## - INDEX TERM--UNCONTROLLED
Uncontrolled term أطفال مرحلة متوسطة ( 6 - 9 سنوات )
942 ## - ADDED ENTRY ELEMENTS (KOHA)
Source of classification or shelving scheme Dewey Decimal Classification
Koha item type كتب
المقتنيات
حالة السحب حالة الفقدان مصدر التصنيف حالة التلف غير قابل للإعارة المكتبة الرئيسية المكتبة الحالية موقع الرف تاريخ التزويد الرقم المتسلسل Total Checkouts رقم الإستدعاء الباركود تاريخ آخر ظهور تاريخ الفاتورة نوع المادة (كوها)
    Dewey Decimal Classification     المكتبة المركزية المكتبة المركزية الأطفال 28/07/2025 1647457   J/F/SAI PLD00401191 28/07/2025 28/07/2025 كتب
    Dewey Decimal Classification     المكتبة المركزية المكتبة المركزية الأطفال 07/12/2016 1647458   J/F/SAI PLD00401385 28/07/2025 07/12/2016 كتب
    Dewey Decimal Classification     المكتبة المركزية المكتبة المركزية مقتنيات قسم التزويد 28/07/2025 1647459   J/F/SAI   28/07/2025 28/07/2025 كتب
    Dewey Decimal Classification     مكتبة أبو علندا العامة مكتبة أبو علندا العامة الأطفال 07/12/2016 1647466   J/F/SAI PLD00401392 28/07/2025 07/12/2016 كتب
    Dewey Decimal Classification     مكتبة الأميرة ايمان العامة مكتبة الأميرة ايمان العامة الأطفال 07/12/2016 1647460   J/F/SAI PLD00401386 28/07/2025 07/12/2016 كتب
    Dewey Decimal Classification     مكتبة البيادر مكتبة البيادر الأطفال 07/12/2016 1647462   J/F/SAI PLD00401388 28/07/2025 07/12/2016 كتب
    Dewey Decimal Classification     مكتبة الجويدة مكتبة الجويدة الأطفال 07/12/2016 1647464   J/F/SAI PLD00401390 28/07/2025 07/12/2016 كتب
    Dewey Decimal Classification     مكتبة الراية الهاشمية للأطفال مكتبة الراية الهاشمية للأطفال الأطفال 07/12/2016 1647461   J/F/SAI PLD00401387 28/07/2025 07/12/2016 كتب
    Dewey Decimal Classification     مكتبة حمزة العامة مكتبة حمزة العامة الأطفال 07/12/2016 1647465   J/F/SAI PLD00401391 28/07/2025 07/12/2016 كتب
    Dewey Decimal Classification     مكتبة مرج الحمام مكتبة مرج الحمام الأطفال 07/12/2016 1647463   J/F/SAI PLD00401389 28/07/2025 07/12/2016 كتب
Implemented & Customized by: BBB with SCIT (Smart Chains for Information Technology)

Powered by Koha